Statistics for Atlantic Ocean Countries

Click here to take the quiz!

General Stats

  • This quiz has been taken 163 times
    (111 since last reset)
  • The average score is 80 of 91

Answer Stats

ContinentCountry% Correct
EuropeFrance
100%
EuropeNorway
99%
EuropeUnited Kingdom
98%
EuropeFinland
97%
EuropeIreland
97%
AfricaAlgeria
96%
EuropeBelgium
96%
North AmericaCanada
96%
EuropeGermany
96%
EuropeLatvia
96%
EuropeSpain
96%
EuropeSweden
96%
North AmericaUnited States
96%
South AmericaBrazil
94%
EuropeEstonia
94%
AfricaMorocco
94%
EuropePortugal
94%
South AmericaArgentina
93%
EuropeGreece
93%
EuropeItaly
93%
EuropeLithuania
93%
North AmericaMexico
93%
EuropeRussia
93%
EuropeDenmark
92%
AfricaEgypt
92%
South AmericaGuyana
92%
EuropeNetherlands
92%
South AmericaColombia
91%
North AmericaHonduras
91%
EuropePoland
91%
AfricaSouth Africa
91%
AfricaTunisia
91%
AfricaAngola
90%
AfricaBenin
90%
North AmericaCuba
90%
North AmericaDominica
90%
North AmericaHaiti
90%
EuropeIceland
90%
North AmericaPanama
90%
South AmericaSuriname
90%
South AmericaVenezuela
90%
North AmericaBelize
89%
North AmericaDominican Republic
89%
AfricaLibya
89%
North AmericaSaint Kitts and Nevis
89%
AsiaTurkey
89%
North AmericaBahamas
88%
North AmericaCosta Rica
88%
AfricaCôte d'Ivoire
88%
AfricaGhana
88%
AfricaGuinea
88%
North AmericaJamaica
88%
North AmericaAntigua and Barbuda
87%
North AmericaBarbados
87%
North AmericaNicaragua
87%
North AmericaSaint Vincent and the Grenadines
87%
AfricaSenegal
87%
AfricaSierra Leone
87%
AfricaTogo
87%
EuropeCroatia
86%
AfricaEquatorial Guinea
86%
AsiaIsrael
86%
AfricaLiberia
86%
North AmericaSaint Lucia
86%
South AmericaUruguay
86%
EuropeAlbania
84%
EuropeBosnia and Herzegovina
84%
AfricaGambia
84%
North AmericaGrenada
84%
North AmericaGuatemala
84%
AfricaGuinea-Bissau
84%
AsiaLebanon
84%
AfricaMauritania
84%
AfricaNamibia
84%
AsiaSyria
84%
AfricaGabon
83%
AfricaNigeria
83%
North AmericaTrinidad and Tobago
83%
AfricaCameroon
82%
South AmericaChile
82%
AsiaCyprus
82%
AfricaDemocratic Republic of Congo
82%
EuropeMalta
82%
AfricaRepublic of Congo
82%
AfricaSão Tomé and Príncipe
82%
AfricaCape Verde
81%
EuropeBulgaria
74%
EuropeRomania
74%
EuropeUkraine
73%
EuropeMontenegro
70%
AsiaGeorgia
69%

Score Distribution

Percentile by Number Answered

Percent of People with Each Score

Your Score History

You have not taken this quiz since the last reset